00434nam a22001577a 450000500170000001000150001702000270003203500140005903700130007308200150008610000200010124500570012126000340017827000440021230000200025620170629095734.0 aENG-119014 c1500.00a9788174791702 aEN-102546 bDBAD/PUB a398.095454 aSahu, Bhagabana aFolk life and culture of Odisha /cby Bhagabuna Sahu aNew DelhibKaveri Booksc2015 bNew Delhie110002a4832/24, Ansari Road a350p.c22cm(Hb)